| 000 | 00582cab a2200169 4500 | ||
|---|---|---|---|
| 001 | WB2428-27 | ||
| 008 | 090401t xxu||||| |||| 00| 0 eng d | ||
| 035 | _a(Sirsi) u63017 | ||
| 041 | _aeng | ||
| 245 | _aFormal unification committee underway | ||
| 350 | _a0 | ||
| 490 |
_aRICS News Service _vNo PR 04/88-89 2 pages |
||
| 520 | _aThe RICS and the ISVA have announced the setting up of a formal unification committee to produce proposals for merger between the two societies. | ||
| 690 | _aMANAGEMENT-BUSINESS MANAGEMENT-PROFESSIONAL PRACTICE | ||
| 942 | _n0 | ||
| 948 | _c04/03/1997 | ||
| 999 |
_c39169 _d39169 |
||